000 00654nam a2200229 a 4500
999 _c522
_d522
001 522
003 BD-JhCC
005 20171005202505.0
008 171005s1964 ii a|||| || | 001 0 eng d
035 _a(BD-JhCC)522
040 _aBD-JhCC
_dBD-JhCC
041 _aeng
082 _a370.17
_bSAW 1964
100 _aSawrey, James M. , Telford Charles W.
245 _aEducational Psychology /
_cJames M. Sawrey, Charles W.Telford
260 _aNew Delhi ;
_bG. D Makhija at the India Offset Press, Dhehi;
_c1964
300 _a588 p.;
_c22cm.
650 _aEducational Psychology
700 _aTetford, Charles W.
942 _2ddc
_cBK